| 000 | 00392nam a2200169Ia 4500 | ||
|---|---|---|---|
| 005 | 20250326141541.0 | ||
| 008 | 250326s9999 xx 000 0 und d | ||
| 037 | _aTextbook | ||
| 040 |
_aFMSL _beng _cFMSL |
||
| 041 |
_aeng _2eng |
||
| 084 | _qFMSL | ||
| 245 | 0 | _aBusiness World 6 Dec-5 June, 1990 | |
| 260 | _c1990 | ||
| 490 | _vVol 9 | ||
| 942 | _cTB | ||
| 999 |
_c1290833 _d1290833 |
||